[Event "ch-URU"]
[Site "Montevideo URU"]
[Date "2001.04.21"]
[Round "1"]
[White "Bauza,A"]
[Black "Larrea,M"]
[Result "1-0"]
[WhiteElo "2287"]
[BlackElo "2191"]

1.e4 c5 2.c3 Nf6 3.e5 Nd5 4.d4 cxd4 5.Nf3 Nc6 6.cxd4 d6 7.Bc4 Nb6 8.Bb3 dxe5
9.d5 Nd4 10.Nxd4 exd4 11.Qxd4 e6 12.Nc3 exd5 13.O-O Be6 14.Re1 Qf6 15.Ba4+ Kd8
16.Qd1 Bd6 17.Be3 Qf5 18.Nb5 Nc8 19.Rc1 Qg4 20.Rxc8+ Bxc8 21.Qxd5 Qb4 22.Bd2 Be6
23.Bg5+ f6 24.Rxe6 fxg5 25.Rxd6+  1-0

[Event "Open"]
[Site "Dubai UAE"]
[Date "2001.04.22"]
[Round "7"]
[White "Mahjoob,M"]
[Black "Kotsur,P"]
[Result "0-1"]
[WhiteElo "2304"]
[BlackElo "2576"]

1.e4 c5 2.c3 Nf6 3.e5 Nd5 4.d4 cxd4 5.Nf3 Nc6 6.Bc4 Nb6 7.Bb3 g6 8.cxd4 Bg7
9.O-O O-O 10.Bf4 d6 11.exd6 exd6 12.h3 Na5 13.Nc3 Nxb3 14.Qxb3 Bf5 15.Qb4 Re8
16.Rfe1 Rxe1+ 17.Rxe1 Bf8 18.d5 Rc8 19.Be3 h6 20.a4 Bg7 21.Rd1 Nc4 22.Bd4 a5
23.Qb3 Bxd4 24.Rxd4 Qb6 25.Qxb6 Nxb6 26.Nb5 Rc1+ 27.Kh2 Nc8 28.b4 axb4 29.Rxb4 b6
30.Nd2 Rc5 31.Ne4 Bxe4 32.Rxe4 Kf8 33.Rd4 Ke7 34.f4 Kd7 35.Rd3 Rc4 36.Ra3 Rxf4
37.Rf3 Rxf3 38.gxf3 Ne7 39.Nc3 Nf5 40.f4 Kc7 41.Na2 Kb7 42.Nb4 Nd4 43.Kg3 Ne2+
44.Kf3 Nc3 45.f5 Nxa4 46.Nc6 Kc7 47.Ne7 Nc3 48.fxg6 fxg6 49.Nxg6 b5 50.Nf4 b4
51.Kg4 b3 52.Nd3 Nxd5 53.Kf5 Kc6 54.Ke6 Nc3 55.Kf5 Nd1 56.h4 Kd5 57.h5 Kd4
58.Nb2 Ne3+  0-1

[Event "Tch-NED"]
[Site "NED"]
[Date "2001.04.22"]
[Round "9"]
[White "Van de Oudeweetering,A"]
[Black "Blees,A"]
[Result "1-0"]
[WhiteElo "2388"]
[BlackElo "2392"]

1.e4 c5 2.c3 Nf6 3.e5 Nd5 4.d4 cxd4 5.Nf3 e6 6.cxd4 b6 7.Bd3 Bb7 8.Nc3 Nxc3
9.bxc3 Qc7 10.O-O d6 11.Bf4 Nd7 12.Re1 Be7 13.Re3 Rc8 14.Rc1 h6 15.d5 Bxd5
16.exd6 Bxd6 17.Bxd6 Qxd6 18.Ba6 Rc5 19.c4 Qc7 20.Bb5 Bxf3 21.Rxf3 a6 22.Bxd7+ Qxd7
23.Qxd7+ Kxd7 24.Rxf7+ Kd6 25.Rxg7 Rhc8 26.Rd1+ Kc6 27.Rg6 Re5 28.Rxh6 Rd8
29.Ra1 Rd4 30.h4 Rxc4 31.g3 b5 32.Rh8 b4 33.Rc8+ Kb5 34.a4+ bxa3 35.Rb1+ Rb4
36.Rb8+ Ka5 37.R8xb4 a2 38.Kg2 Rd5 39.R4b2 axb1=Q 40.Rxb1 Ka4 41.g4  1-0

[Event "Tch-NED"]
[Site "NED"]
[Date "2001.04.22"]
[Round "9"]
[White "Deegens,V"]
[Black "De Wit,D"]
[Result "1/2-1/2"]
[WhiteElo "2339"]
[BlackElo "2189"]

1.e4 c5 2.c3 Nf6 3.e5 Nd5 4.d4 cxd4 5.Nf3 Nc6 6.Bc4 Nb6 7.Bb3 d5 8.exd6 Qxd6
9.O-O Be6 10.Na3 Bxb3 11.Qxb3 Qd5 12.Nb5 Qxb3 13.axb3 Rc8 14.Nfxd4 Nxd4 15.Nxd4 a6
16.b4 Ra8 17.Nb3 Kd7 18.Na5 Kc8 19.c4 e6 20.Be3 Kc7 21.Bf4+ Kc8 22.Be3 Kc7
23.Bf4+ Kc8 24.Be3  1/2-1/2

[Event "2nd ch-EUR Women"]
[Site "Warsaw POL"]
[Date "2001.04.22"]
[Round "1"]
[White "Krupkova,P"]
[Black "Stepovaia Dianchenko,T"]
[Result "0-1"]
[WhiteElo "2249"]
[BlackElo "2436"]

1.e4 c5 2.c3 Nf6 3.e5 Nd5 4.d4 cxd4 5.Nf3 e6 6.cxd4 d6 7.a3 Bd7 8.Bd3 Bc6
9.O-O Nd7 10.Qe2 Qc7 11.Bd2 Be7 12.Re1 a6 13.Nc3 Nxc3 14.Bxc3 dxe5 15.Nxe5 Nxe5
16.dxe5 O-O 17.Qh5 g6 18.Qh6 Rfd8 19.Re3 Bf8 20.Qf4 Rd7 21.Rae1 f5 22.h4 Qd8
23.Bc4 Bd5 24.Rd3 Rc8 25.Bxd5 Rxd5 26.Rxd5 Qxd5 27.g3 Rc4 28.Qe3 Bc5 29.Qe2 Re4
30.Qd1 Rxe1+ 31.Qxe1 Qf3 32.Kf1 f4 33.gxf4 Qxf4 34.Qe2 Qxh4 35.Qf3 Qc4+ 36.Kg1 Qd5
37.Qf6 Bf8 38.a4 Bg7 39.Qe7 h5 40.Qe8+ Kh7 41.Qf7 b5 42.axb5 axb5 43.Qe7 Qd1+
44.Kh2 Qg4 45.Qc5 Qc4 46.Qe7 Qf4+ 47.Kg2 Qg4+ 48.Kh2 h4 49.Qb7 h3 50.Qh1 b4  0-1

[Event "2nd ch-EUR Women"]
[Site "Warsaw POL"]
[Date "2001.04.22"]
[Round "1"]
[White "Manakova,M"]
[Black "Grosar,K"]
[Result "1-0"]
[WhiteElo "2395"]
[BlackElo "2234"]

1.e4 c5 2.c3 Nf6 3.e5 Nd5 4.d4 cxd4 5.Qxd4 e6 6.Nf3 Nc6 7.Qe4 f5 8.exf6 Nxf6
9.Qc2 Qc7 10.Nbd2 b6 11.Be2 Bb7 12.O-O Be7 13.Re1 O-O 14.Bd3 Rac8 15.Qa4 e5
16.Qh4 h6 17.Qg3 Bd6 18.Nc4 Kh8 19.Nfxe5 Nxe5 20.Nxe5 Bxe5 21.Rxe5 Ng4 22.Rf5 Qxg3
23.hxg3 Rxf5 24.Bxf5 Nxf2 25.Kxf2 Rf8 26.g4 g6 27.Bxh6 Rf7 28.Kg3 gxf5 29.Rf1 Rh7
30.g5 Rf7 31.Kf4 Bxg2 32.Rg1 Bh3 33.g6 Rf6 34.Rh1 Bg2 35.Rh2 Rxg6 36.Bg5+ Kg7
37.Rxg2 Kf7 38.Kxf5 a5 39.Rd2 d6 40.Rh2  1-0

[Event "2nd ch-EUR Women"]
[Site "Warsaw POL"]
[Date "2001.04.22"]
[Round "1"]
[White "Kharashkina,B"]
[Black "Grabics,M"]
[Result "1/2-1/2"]
[WhiteElo "2173"]
[BlackElo "2354"]

1.e4 c5 2.c3 Nf6 3.e5 Nd5 4.d4 cxd4 5.Nf3 Nc6 6.Bc4 Nb6 7.Bb3 d5 8.exd6 Qxd6
9.O-O Be6 10.Bxe6 Qxe6 11.Nxd4 Nxd4 12.Qxd4 Rd8 13.Qh4 Qe2 14.Be3 Nc4 15.Na3 Nxe3
16.Qa4+ Rd7 17.fxe3 Qa6 18.Qxa6 bxa6 19.Rad1 Rc7 20.Rf4 e5 21.Ra4 Rc6 22.Rd5 Bxa3
23.Rxa3 O-O 24.Rb3 e4 25.Rb7 Rb6 26.Rdd7 g6 27.c4 a5 28.b3 a4 29.c5 Rxb7
30.Rxb7 axb3 31.axb3 Rc8 32.b4 a5 33.bxa5 Rxc5 34.a6 Ra5 35.a7 Kg7 36.Kf2 g5
37.Ke2 Ra2+ 38.Kd1 Kg6 39.Kc1 f5 40.g3 f4 41.gxf4 gxf4 42.exf4 e3 43.Re7 e2
44.Rxe2 Rxa7 45.Kd2 Kf5 46.Rf2 Ra2+ 47.Ke3 Rxf2 48.Kxf2 Kxf4 49.Kg2  1/2-1/2

[Event "2nd ch-EUR Women"]
[Site "Warsaw POL"]
[Date "2001.04.24"]
[Round "3"]
[White "Krupkova,P"]
[Black "Grabics,M"]
[Result "1/2-1/2"]
[WhiteElo "2249"]
[BlackElo "2354"]

1.e4 c5 2.c3 Nf6 3.e5 Nd5 4.d4 cxd4 5.Nf3 Nc6 6.Bc4 Nb6 7.Bb3 g6 8.cxd4 Bg7
9.O-O O-O 10.Bf4 d6 11.exd6 exd6 12.h3 Bf5 13.Nc3 d5 14.Re1 Nb4 15.Be5 Nd3
16.Bxg7 Kxg7 17.Re2 Nf4 18.Re5 f6 19.Re3 Qd7 20.Ne2 Nxe2+ 21.Qxe2 Rae8 22.Re1  1/2-1/2

[Event "Open"]
[Site "Dubai UAE"]
[Date "2001.04.25"]
[Round "9"]
[White "Pavasovic,D"]
[Black "Sveshnikov,E"]
[Result "1/2-1/2"]
[WhiteElo "2515"]
[BlackElo "2571"]

1.e4 c5 2.c3 Nf6 3.e5 Nd5 4.Nf3 Nc6 5.d4 cxd4 6.cxd4 d6 7.Bc4 Nb6 8.Bb3 dxe5
9.d5 Na5 10.Nc3 Nxb3 11.Qxb3  1/2-1/2

[Event "Zone 3.2a"]
[Site "Manila PHI"]
[Date "2001.04.25"]
[Round "3"]
[White "Garma,C"]
[Black "Laylo,D"]
[Result "1-0"]
[WhiteElo "2400"]
[BlackElo "2383"]

1.e4 c5 2.c3 Nf6 3.e5 Nd5 4.d4 cxd4 5.Bc4 Nb6 6.Bb3 Nc6 7.Nf3 g6 8.Ng5 e6
9.Ne4 Nxe5 10.Qxd4 Bg7 11.Bg5 Qc7 12.Bf6 Bxf6 13.Nxf6+ Ke7 14.O-O d6 15.Qh4 Kf8
16.f4 Ned7 17.Nd2 Qd8 18.Qh6+ Ke7 19.Nde4 Nxf6 20.Nxf6 Nd7 21.Nd5+ Ke8 22.Qg7 Rf8
23.Rae1 b5 24.f5 gxf5 25.Rxf5 Ne5 26.Rfxe5 dxe5 27.Qxe5 Rg8 28.Nf6+ Kf8 29.Rd1 Qb6+
30.Kh1 Rg6 31.Bc2 Rg7 32.Be4 Rb8 33.Rd7 h6 34.Qf4 b4 35.Qxh6 Bxd7 36.Nxd7+ Kg8
37.Nxb6 Rxb6 38.c4 f5 39.c5 Ra6 40.Bxf5 Re7 41.Qf6  1-0

[Event "Masters"]
[Site "Besancon FRA"]
[Date "2001.04.26"]
[Round "6"]
[White "Lucchetti,P"]
[Black "Chernuschevich,A"]
[Result "0-1"]
[WhiteElo "2190"]
[BlackElo "2440"]

1.e4 c5 2.c3 Nf6 3.Qa4 Nc6 4.Bb5 g6 5.Nf3 Qc7 6.O-O Bg7 7.d4 cxd4 8.cxd4 Nxe4
9.d5 Nc5 10.Qc4 Ne5 11.Nxe5 Bxe5 12.f4 Bf6 13.Be3 Bxb2 14.d6 exd6 15.Nc3 Ne6
16.Qxc7 Nxc7 17.Bd4 Bxa1 18.Re1+ Kf8 19.Bxh8 Bxc3 20.Bxc3 Nxb5 21.Bf6 b6
22.a4 Nc7 23.Be7+ Kg7 24.Bxd6 Ne6 25.g4 f5 26.Be5+ Kf7  0-1

[Event "Zone 3.2a"]
[Site "Manila PHI"]
[Date "2001.04.26"]
[Round "4"]
[White "Garma,C"]
[Black "Hatanbaatar,B"]
[Result "1-0"]
[WhiteElo "2400"]
[BlackElo "2481"]

1.e4 c5 2.c3 Nf6 3.e5 Nd5 4.d4 cxd4 5.Bc4 Nb6 6.Bb3 Nc6 7.Nf3 g6 8.Ng5 d5
9.exd6 e6 10.Qf3 Ne5 11.Qh3 Bg7 12.O-O h6 13.Ne4 f5 14.cxd4 Nc6 15.d7+ Qxd7
16.Nc5 Qd6 17.Nc3 Nxd4 18.Nd3 g5 19.f4 Kf8 20.Be3 g4 21.Qg3 Kg8 22.Ne5 Nxb3
23.axb3 Nd5 24.Nb5 Qb4 25.Nd4 Kh7 26.Rfc1 Bxe5 27.fxe5 f4 28.Qf2 Rf8 29.Nc6 Qe4
30.Bc5 Rf7 31.Ra4 Qg6 32.Nb4 b5 33.Nxd5 bxa4 34.Nf6+ Kg7 35.Qxf4 Bb7 36.bxa4 Rc8
37.b4 a6 38.a5 Rd8 39.Be3 Qg5 40.Qg3 Qg6 41.Rf1 Bc6 42.h3 gxh3 43.Qxh3 Be4
44.Bxh6+ Qxh6 45.Ne8+ Kg6 46.Qxe6+ Kg5 47.Qxf7 Qg6 48.Qf4+  1-0

[Event "2nd ch-EUR Women"]
[Site "Warsaw POL"]
[Date "2001.04.26"]
[Round "5"]
[White "Manakova,M"]
[Black "Melamed,T"]
[Result "1/2-1/2"]
[WhiteElo "2395"]
[BlackElo "2273"]

1.e4 c5 2.c3 Nf6 3.e5 Nd5 4.d4 cxd4 5.Qxd4 e6 6.Nf3 Nc6 7.Qe4 f5 8.exf6 Nxf6
9.Qh4 Be7 10.Bd3 O-O 11.O-O d5 12.Qh3 e5 13.Bf5 Bxf5 14.Qxf5 Qc8 15.Qxc8 Raxc8
16.Bg5 e4 17.Nd4 Nxd4 18.cxd4 Rc2 19.Nc3 Rxb2 20.Rab1 Rxb1 21.Rxb1 b6 22.Nb5 h6
23.Bh4 g5 24.Bg3 Nh5 25.Nxa7 Nxg3 26.hxg3 Bf6 27.Nc6 Ra8 28.Rb5 Rxa2 29.Rxd5 Ra1+
30.Kh2 Ra2 31.Rf5 Kg7 32.Kg1 Rc2 33.Ne5 Rd2 34.Nc4 Rc2 35.Nxb6 Bxd4 36.Nd5 Rc1+
37.Kh2 Rf1 38.g4 Rxf2 39.Rxf2 Bxf2 40.Nc3 e3 41.g3 Be1 42.Ne2 Kf6 43.Kg2 Ke5
44.Kf3 Bd2 45.Ng1 Kd4 46.Ke2 Ke4 47.Nf3 Bb4 48.Nh2 Bd6 49.Nf1  1/2-1/2

[Event "2nd ch-EUR Women"]
[Site "Warsaw POL"]
[Date "2001.04.29"]
[Round "7"]
[White "Kosintseva,N"]
[Black "Prudnikova,S"]
[Result "1/2-1/2"]
[WhiteElo "2289"]
[BlackElo "2419"]

1.e4 c5 2.c3 Nf6 3.e5 Nd5 4.d4 cxd4 5.Nf3 Nc6 6.cxd4 d6 7.Bc4 Nb6 8.Bb5 dxe5
9.Nxe5 Bd7 10.Nxd7 Qxd7 11.O-O e6 12.Nc3 Be7 13.Qg4 O-O 14.Bxc6 bxc6 15.Bh6 Bf6
16.Rfd1 Kh8 17.Ne4 Qe7 18.Bg5 Bxg5 19.Qxg5 Nd5 20.Rac1 Rab8 21.Qxe7 Nxe7
22.b3 Rfd8 23.Ng5 Kg8 24.Nf3 f6 25.Rc4 Rb5 26.Ra4 Rd7 27.Re1 Kf7 28.Ra6 g5
29.h3 h5 30.g4 h4 31.Rc1 Rb6 32.Ra5 Nd5 33.Rac5 Nc7 34.Ra5 a6 35.Rac5 Nb5
36.Kf1 Ke7 37.Ke2 Rd5 38.Ke3  1/2-1/2

[Event "Bank Pocztowy Open A"]
[Site "Bydgoszcz POL"]
[Date "2001.04.30"]
[Round "4"]
[White "Maslowski,M"]
[Black "Wisniewski,Pr"]
[Result "1-0"]
[WhiteElo "2125"]
[BlackElo "2143"]

1.e4 c5 2.c3 Nf6 3.e5 Nd5 4.d4 cxd4 5.Bc4 Nb6 6.Bb3 d5 7.cxd4 Bf5 8.Nc3 e6
9.Nge2 Be7 10.O-O Nc6 11.Ng3 Bg6 12.Be3 O-O 13.f4 Na5 14.f5 exf5 15.Nxf5 Nxb3
16.axb3 Bb4 17.Qd2 Qd7 18.Qf2 a5 19.Nxg7  1-0

[Event "54th ch-RUS"]
[Site "Elista RUS"]
[Date "2001.04.30"]
[Round "1"]
[White "Poddubnyi,V"]
[Black "Volzhin,A"]
[Result "1/2-1/2"]
[WhiteElo "2240"]
[BlackElo "2528"]

1.e4 c5 2.c3 Nf6 3.e5 Nd5 4.Nf3 Nc6 5.d4 cxd4 6.Bc4 Nb6 7.Bb3 g6 8.Ng5 d5
9.exd6 e6 10.Qf3 Ne5 11.Qe4 Bg7 12.cxd4 Nec4 13.Qd3 Nxd6 14.Nf3 O-O 15.Bg5 Bf6
16.Bxf6 Qxf6 17.Nc3 Bd7 18.O-O Bc6 19.d5 exd5 20.Bxd5 Nxd5 21.Nxd5 Bxd5 22.Qxd5 Rac8
23.Rfd1 Rfd8 24.Qb3 Rc6 25.Rd4 Rb6 26.Rb4 Ne4 27.Rxb6 axb6 28.Qb4 Nc5 29.h3 Nd3
30.Qc3 Qxc3 31.bxc3 Nb2 32.Nd4 Na4 33.Rc1 Rc8 34.Ne2 b5 35.Kf1 Rd8 36.Ke1 Nb2
37.Rb1 Nd3+ 38.Kf1 Ra8 39.Rxb5 Rxa2 40.g4 Ra1+ 41.Kg2 Ra2 42.Kf3 Ne1+  1/2-1/2

[Event "54th ch-RUS"]
[Site "Elista RUS"]
[Date "2001.05.01"]
[Round "2"]
[White "Karpatchev,A"]
[Black "Yakovich,Y"]
[Result "1/2-1/2"]
[WhiteElo "2404"]
[BlackElo "2577"]

1.e4 c5 2.c3 Nf6 3.e5 Nd5 4.Nf3 Nc6 5.d4 cxd4 6.cxd4 d6 7.Bc4 Nb6 8.Bb5 dxe5
9.Nxe5 Bd7 10.Nxd7 Qxd7 11.Nc3 e6 12.O-O Be7 13.Qg4 O-O 14.Bxc6 bxc6 15.Bh6 Bf6
16.Rfd1 Qe7 17.Ne4 Rfd8 18.Rac1 Kh8 19.Bg5 Bxg5 20.Nxg5 Rd5 21.h4 h6 22.Nf3 c5
23.dxc5 Rxd1+ 24.Rxd1 Qxc5 25.Qf4 Kg8 26.Rc1 Qa5 27.Ne5 Rf8 28.Nc6 Qxa2 29.Ne7+ Kh7
30.Qe4+ Kh8 31.Qb4 Re8 32.Rc7 Qa1+ 33.Kh2 Qa4 34.Qxa4 Nxa4 35.b4 Rb8 36.Nc6 Rb6
37.h5 Kg8 38.g4 a6 39.Ne5 Rb8 40.Nxf7 Nb6 41.g5 Nd5 42.Ra7 hxg5 43.Nxg5 Re8  1/2-1/2

[Event "2nd ch-EUR Women"]
[Site "Warsaw POL"]
[Date "2001.05.01"]
[Round "9"]
[White "Dolzhikova,O"]
[Black "Korbut,E"]
[Result "0-1"]
[WhiteElo "2229"]
[BlackElo "2330"]

1.e4 c5 2.c3 Nf6 3.e5 Nd5 4.Nf3 e6 5.d4 cxd4 6.cxd4 d6 7.a3 Bd7 8.Bd3 Bc6
9.O-O Nd7 10.b4 a6 11.Nbd2 Qc7 12.exd6 Bxd6 13.Ne4 O-O 14.Re1 N7f6 15.Nxd6 Qxd6
16.Ne5 Bb5 17.Bc2 Rfc8 18.Bg5 Rc3 19.Bd2 Rc7 20.Rc1 Rac8 21.a4 Be8 22.Nd3 b6
23.a5 bxa5 24.bxa5 Bb5 25.Nc5 Nd7 26.Nxd7 Qxd7 27.h3 Rc4 28.Bb3 Rxc1 29.Bxc1 Nc3
30.Qd2 Ne2+ 31.Kh1 Qxd4 32.Rxe2 Qxd2 33.Rxd2 Rxc1+ 34.Kh2 Kf8 35.f3 Rb1 36.Ba2 Rb4
37.Rd8+ Ke7 38.Rg8 Rb2 39.Bxe6 Kxe6 40.Rxg7 Bd3 41.Rg5 Rb5 42.f4 Rxg5 43.fxg5 Kf5
44.h4 Kg4 45.g3 Be4 46.Kg1 Kxg3 47.h5 Kg4  0-1

[Event "Backa Open"]
[Site "Palanka YUG"]
[Date "2001.05.02"]
[Round "1"]
[White "Trifunovic,D"]
[Black "Masic,P"]
[Result "0-1"]
[WhiteElo "2055"]
[BlackElo "2399"]

1.e4 c5 2.c3 Nf6 3.e5 Nd5 4.d4 cxd4 5.cxd4 d6 6.Bc4 Nb6 7.e6 Bxe6 8.Bxe6 fxe6
9.Qh5+ g6 10.Qe2 Nc6 11.Nf3 Qd7 12.O-O Bg7 13.Qe4 O-O 14.a4 Rf5 15.Re1 Raf8
16.Be3 d5 17.Qh4 e5 18.a5 Nc4 19.a6 exd4 20.Nxd4 Rh5  0-1

[Event "Backa Open"]
[Site "Palanka YUG"]
[Date "2001.05.02"]
[Round "1"]
[White "Pap,M"]
[Black "Manojlovic,Sa"]
[Result "1-0"]
[WhiteElo "2416"]
[BlackElo "2155"]

1.e4 c5 2.c3 Nf6 3.e5 Nd5 4.d4 e6 5.Nf3 Nc6 6.c4 Nb6 7.d5 Nd4 8.Nxd4 cxd4
9.Qxd4 d6 10.exd6 Qxd6 11.Nc3 a6 12.Be3 Nd7 13.dxe6 fxe6 14.O-O-O Qxd4 15.Bxd4 Nf6
16.Be2 Bd7 17.Bf3 Bc6 18.Bxc6+ bxc6 19.Rhe1 Kf7 20.Ne4 Bb4 21.Re3 h6 22.Bc5 Nxe4
23.Bxb4 a5 24.Rd7+ Kf6 25.Be1  1-0

[Event "2nd ch-EUR Women"]
[Site "Warsaw POL"]
[Date "2001.05.03"]
[Round "11"]
[White "Kosintseva,T"]
[Black "Velcheva,M"]
[Result "1-0"]
[WhiteElo "2333"]
[BlackElo "2244"]

1.e4 c5 2.c3 Nf6 3.e5 Nd5 4.d4 cxd4 5.Nf3 Nc6 6.Bc4 Nb6 7.Bb3 d5 8.exd6 Qxd6
9.O-O Be6 10.Na3 dxc3 11.Qe2 Bxb3 12.Nb5 Qb8 13.axb3 e5 14.Nfd4 Nxd4 15.Nxd4 f6
16.bxc3 Kf7 17.Nb5 a6 18.Be3 axb5 19.Bxb6 Rxa1 20.Rxa1 Qe8 21.Ra5 b4 22.c4 Qc6
23.Rb5 Be7 24.Ba5 g6 25.h3 Bc5 26.Bxb4 b6 27.Qd2 Rc8 28.h4 Kg7 29.h5 Re8
30.h6+ Kf8 31.Bxc5+ bxc5 32.b4 cxb4 33.Qxb4+ Kg8 34.Rb7 Qe4 35.Qb5 Rd8 36.Rg7+ Kh8
37.Rd7 Ra8 38.Qa6 Rf8 39.Qxf6+  1-0

[Event "Golden Cleopatra Open"]
[Site "Cairo EGY"]
[Date "2001.05.04"]
[Round "3"]
[White "Khamrakulov,I"]
[Black "Sermek,D"]
[Result "1/2-1/2"]
[WhiteElo "2451"]
[BlackElo "2525"]

1.e4 c5 2.c3 Nf6 3.e5 Nd5 4.Nf3 Nc6 5.d4 cxd4 6.Bc4 Nb6 7.Bb3 g6 8.Ng5 d5
9.exd6 e6 10.cxd4 Qxd6 11.Qf3 Qe7 12.Be3 Bg7 13.Qe4 O-O 14.Nf3 f5 15.Qd3 Kh8
16.O-O f4 17.Bd2 Nxd4 18.Nxd4 Qd7 19.Bc3 e5 20.Rd1 exd4 21.Bxd4 f3 22.Nc3 Qg4
23.Bxg7+ Kxg7 24.Qd4+  1/2-1/2

[Event "54th ch-RUS"]
[Site "Elista RUS"]
[Date "2001.05.04"]
[Round "5"]
[White "Karpatchev,A"]
[Black "Filippov,V"]
[Result "1/2-1/2"]
[WhiteElo "2404"]
[BlackElo "2632"]

1.e4 c5 2.c3 Nf6 3.e5 Nd5 4.Nf3 e6 5.d4 cxd4 6.cxd4 d6 7.Bc4 Nb6 8.Bd3 Nc6
9.Bg5 Be7 10.Bxe7 Qxe7 11.Nc3 dxe5 12.dxe5 Nd7 13.Qe2 Qc5 14.Bb5 O-O 15.Bxc6 Qxc6
16.O-O-O Nc5 17.Rd4 b6 18.Rhd1 Bb7 19.Kb1 Qe8 20.Qc2 Qe7 21.b4 Na6 22.a3 Rfd8
23.Rxd8+ Rxd8 24.Rxd8+ Qxd8 25.Nb5 h6 26.Nd6 Bxf3 27.gxf3 Nc7 28.Qc6 Nd5
29.Qb7 Qg5 30.Qxf7+ Kh7 31.Qxe6 Qg1+ 32.Kc2 Qxf2+ 33.Kb3 Ne3 34.Ka4 a6 35.Qb3 Qxf3
36.Qd3+ Kg8 37.Kb3 h5 38.h4 Nf5 39.Qxf3 Nd4+ 40.Kc4 Nxf3 41.Kd5 Nxh4 42.Kc6 Kf8
43.Kxb6 g5 44.Kxa6 g4 45.b5 Nf3 46.Nf5 Nxe5 47.b6 Kf7 48.b7 Nd7 49.Kb5 Kf6
50.Ne3 g3 51.Kc6 Ke6 52.Ng2 Nb8+ 53.Kc7 Na6+ 54.Kb6 Nb8 55.a4 Kd6 56.a5 Nd7+
57.Ka7 Kc6  1/2-1/2

[Event "Backa Open"]
[Site "Palanka YUG"]
[Date "2001.05.04"]
[Round "3"]
[White "Pucovski,M"]
[Black "Milu,R"]
[Result "1/2-1/2"]
[WhiteElo "2281"]
[BlackElo "2433"]

1.e4 c5 2.c3 Nf6 3.e5 Nd5 4.d4 cxd4 5.Nf3 e6 6.cxd4 d6 7.Bd3 dxe5 8.dxe5 Nb4
9.Be4 Qxd1+ 10.Kxd1 Nd7 11.Nc3 Nc5 12.a3 Nxe4 13.Nxe4 Nd5 14.Nfd2 Be7 15.Nc4 O-O
16.Ncd6 f5 17.exf6 gxf6 18.Nxc8 Raxc8 19.Bd2 f5 20.Nc3 Rfd8 21.Ke2 Bf6 22.Rac1 Bxc3
23.Bxc3 Nxc3+ 24.Rxc3 Rxc3 25.bxc3 Rc8 26.Kd3 Kf7 27.f4 Rd8+ 28.Kc2 Kf6 29.Re1 Rd5
30.Rb1 b6 31.Re1 Ra5 32.Kb3 Rd5 33.Kc2 Ra5 34.Kb3 Rb5+ 35.Kc2 Ra5 36.Kb3 Rb5+
37.Kc2 Ra5  1/2-1/2

[Event "XXXVI Capablanca Mem Premier I"]
[Site "Havana CUB"]
[Date "2001.05.05"]
[Round "1"]
[White "Leyva,R"]
[Black "Vazquez,R"]
[Result "1/2-1/2"]
[WhiteElo "2400"]
[BlackElo "2393"]

1.e4 c5 2.c3 Nf6 3.e5 Nd5 4.d4 cxd4 5.Nf3 e6 6.cxd4 b6 7.Nc3 Bb7 8.Bc4 Nxc3
9.bxc3 Qc7 10.Qd3 d5 11.exd6 Bxd6 12.O-O Nd7 13.Bd2 O-O 14.h3 Bxf3 15.gxf3 Bf4
16.Be1 Nf6 17.a4 Nd5 18.Kh1 Qd8 19.Rg1 Qh4 20.Qf1 h5 21.a5  1/2-1/2

[Event "Bank Pocztowy Open A"]
[Site "Bydgoszcz POL"]
[Date "2001.05.06"]
[Round "9"]
[White "Maslowski,M"]
[Black "Lewandowski,R"]
[Result "1/2-1/2"]
[WhiteElo "2125"]
[BlackElo "2234"]

1.e4 c5 2.c3 Nf6 3.e5 Nd5 4.d4 cxd4 5.cxd4 d6 6.Bc4 Nb6 7.Bb3 dxe5 8.Qh5 e6
9.dxe5 Bb4+ 10.Nc3 Nc6 11.Ne2 g6 12.Qg5 Qc7 13.Bf4 h6 14.Qf6 Rh7 15.Qh4 Qe7
16.Qg3 Nd5 17.O-O Nxf4 18.Qxf4  1/2-1/2

[Event "Golden Cleopatra Open"]
[Site "Cairo EGY"]
[Date "2001.05.07"]
[Round "6"]
[White "Sermek,D"]
[Black "Medvegy,Z"]
[Result "1-0"]
[WhiteElo "2525"]
[BlackElo "2444"]

1.e4 c5 2.c3 Nf6 3.e5 Nd5 4.Nf3 e6 5.d4 cxd4 6.cxd4 b6 7.Nc3 Nxc3 8.bxc3 Qc7
9.Be2 Qxc3+ 10.Bd2 Qc7 11.Rc1 Nc6 12.O-O Bb7 13.d5 exd5 14.Bf4 Ba3 15.Rc3 Bb4
16.Rc1 Ba3 17.Rc3 Bb4 18.Rc2 Bc5 19.Ng5 Nxe5 20.Bh5 O-O 21.Bxf7+ Rxf7 22.Nxf7 Kxf7
23.Qh5+ g6 24.Qxh7+ Kf6 25.Bh6 Rc8 26.Bg7+ Ke6 27.Qh3+ Kf7 28.Qh7 Ke6 29.Kh1 d6
30.Qh3+ Kf7 31.Qh7 Ke8 32.Re1 Qf7 33.f4 Qxf4 34.Bxe5 dxe5 35.Qxb7 Qf5 36.Rcc1 Qe6
37.Qg7 e4 38.Rf1 Qd7 39.Qxg6+ Kd8 40.Rf7 Qe8 41.Qg5+ Be7 42.Qxd5+ Qd7 43.Qxd7+  1-0

[Event "54th ch-RUS"]
[Site "Elista RUS"]
[Date "2001.05.09"]
[Round "9"]
[White "Potkin,V"]
[Black "Zakharstov,V"]
[Result "1-0"]
[WhiteElo "2512"]
[BlackElo "2484"]

1.e4 c5 2.c3 Nf6 3.e5 Nd5 4.d4 cxd4 5.Nf3 e6 6.cxd4 b6 7.Nc3 Nxc3 8.bxc3 Qc7
9.Bd2 d6 10.Bd3 Bb7 11.O-O Nd7 12.Ng5 dxe5 13.Qh5 g6 14.Qh3 Be7 15.Rfe1 Bxg5
16.Bxg5 f5 17.Qh6 Kf7 18.Bb5 a6 19.Bxd7 Qxd7 20.dxe5 Qc6 21.f3 Qc5+ 22.Kh1 Qf8
23.Qh4 h6 24.Bf6 Rh7 25.Qd4 Qc8 26.Qxb6 g5 27.c4 Kg6 28.Rac1 Qc6 29.Qxc6 Bxc6
30.Red1 Rc7 31.Rb1 f4 32.Rd6 Bd7 33.Rbd1 Ba4 34.R1d4 Kf5 35.g4+ fxg3 36.hxg3 Bc6
37.g4+ Kg6 38.Rxe6 Bxf3+ 39.Kh2 Kf7 40.Red6 Re8 41.Rxa6 Ra8 42.Rxa8 Bxa8
43.a4 Bc6 44.a5 Rb7 45.Rd6 Bd7 46.c5 Rb2+ 47.Kg3 Rb3+ 48.Kf2 Bxg4 49.c6 Bc8
50.Rd8 Be6 51.a6 Ra3 52.Rd7+ Kg6 53.a7 Kf5 54.Be7 Ra2+ 55.Ke3 Kxe5 56.Bc5 Bd5
57.Rxd5+  1-0

[Event "Golden Cleopatra Open"]
[Site "Cairo EGY"]
[Date "2001.05.11"]
[Round "10"]
[White "Hamed,Ah"]
[Black "Chahrani,I"]
[Result "1-0"]
[WhiteElo "2331"]
[BlackElo "2358"]

1.e4 c5 2.c3 Nf6 3.e5 Nd5 4.d4 cxd4 5.cxd4 Nc6 6.Nf3 d6 7.Bc4 Nb6 8.Bb5 dxe5
9.Nxe5 Bd7 10.Nc3 Nxe5 11.dxe5 Bxb5 12.Nxb5 Qxd1+ 13.Kxd1 O-O-O+ 14.Ke2 Rd5
15.a4 a6 16.Be3 Rxe5 17.Rac1+ Kd8 18.Rhd1+ Nd5 19.Nc7 e6 20.Nxd5 Rxd5 21.Bb6+ Ke7
22.Rc7+ Kf6 23.Rxd5 exd5 24.Rc8 h6 25.f3 Ke6 26.Bc5 Bxc5 27.Rxh8 a5 28.Kd3 f5
29.h4 b6 30.Rb8 Kf6 31.Rb7 g6 32.g4 fxg4 33.fxg4 h5 34.gxh5 gxh5 35.Rh7 Kg6
36.Rd7 Bf2 37.Rxd5 Bxh4 38.Rd6+ Kf5 39.Rxb6 Be1 40.Ke2  1-0

[Event "TCh-YUG Women"]
[Site "Herceg Novi YUG"]
[Date "2001.05.15"]
[Round "2"]
[White "Manakova,M"]
[Black "Prudnikova,S"]
[Result "0-1"]
[WhiteElo "2395"]
[BlackElo "2419"]

1.e4 c5 2.c3 Nf6 3.e5 Nd5 4.d4 cxd4 5.Qxd4 e6 6.Nf3 Nc6 7.Qe4 f5 8.exf6 Nxf6
9.Qc2 Be7 10.Bd3 O-O 11.Bg5 h6 12.Bh4 d5 13.Bg3 Bd6 14.Nh4 e5 15.Nf5 Bb8
16.Ne3 Be6 17.O-O Nh5 18.Qe2 Qg5 19.Nd2 e4 20.Bc2 Nf4 21.Bxf4 Bxf4 22.Bb3 Bf7
23.Kh1 Rad8 24.Rfe1 Ne5 25.Bc2 Bh5 26.Qb5 Bxe3 27.Nxe4 dxe4 28.Rxe3 Rxf2
29.Rg3 Qf6 30.Bxe4 Be2 31.Qc5 Rf1+ 32.Rxf1 Qxf1+ 33.Qg1 Rd1  0-1

[Event "ch-LTU"]
[Site "Kaunas LTU"]
[Date "2001.05.15"]
[Round "8"]
[White "Slapikas,V"]
[Black "Sarakauskas,G"]
[Result "1/2-1/2"]
[WhiteElo "2448"]
[BlackElo "2403"]

1.e4 c5 2.c3 Nf6 3.e5 Nd5 4.d4 cxd4 5.Nf3 e6 6.cxd4 b6 7.Nc3 Nxc3 8.bxc3 Bb7
9.Bd3 Qc7 10.Bd2 d6 11.O-O Nd7 12.Bf4 Be7 13.Re1 O-O 14.Re3 g6 15.Rc1 Rfd8
16.Qe2 dxe5 17.Nxe5 Nxe5 18.Bxe5 Bd6 19.Rc2 Bxe5  1/2-1/2

[Event "TCh-YUG Women"]
[Site "Herceg Novi YUG"]
[Date "2001.05.17"]
[Round "4"]
[White "Maric,M"]
[Black "Benderac,A"]
[Result "1/2-1/2"]
[WhiteElo "2312"]
[BlackElo "2230"]

1.e4 c5 2.c3 Nf6 3.e5 Nd5 4.d4 cxd4 5.Nf3 e6 6.cxd4 d6 7.Bc4 Nc6 8.O-O Be7
9.Qe2 a6 10.Rd1 Na5 11.Bd3 Nb4 12.exd6 Qxd6 13.Be4 f5 14.Bd3 Nxd3 15.Rxd3 Nc6
16.Na3 b5 17.Bg5 O-O 18.Nc2 Bxg5 19.Nxg5 e5 20.dxe5 Qxe5 21.Qh5 h6 22.Qg6 hxg5
23.Qxc6 Ra7 24.Qd5+  1/2-1/2

[Event "TCh-YUG Women"]
[Site "Herceg Novi YUG"]
[Date "2001.05.19"]
[Round "6"]
[White "Maric,M"]
[Black "Khurtsidze,N"]
[Result "0-1"]
[WhiteElo "2312"]
[BlackElo "2456"]

1.e4 c5 2.c3 Nf6 3.e5 Nd5 4.d4 cxd4 5.Nf3 e6 6.cxd4 b6 7.Bc4 Bb7 8.O-O d6
9.Bd2 Be7 10.Nc3 Nxc3 11.Bxc3 d5 12.Bd3 O-O 13.Qc2 h6 14.Qe2 a5 15.a3 Ba6
16.b4 Bxd3 17.Qxd3 axb4 18.Bxb4 Nc6 19.Bxe7 Qxe7 20.Rfb1 Rfb8 21.h3 Ra4 22.Qb5 Rc4
23.a4 Qa7 24.Rd1 Qa5 25.Rac1 Qxb5 26.axb5 Rxc1 27.Rxc1 Na7 28.Rb1 Rc8 29.Ra1 Nxb5
30.Rb1 Nc3 31.Rxb6 Ne4 32.Rb1 Rc2 33.Rf1 g5 34.Nh2 Kg7 35.g4 Rd2 36.Nf3 Rd3
37.Kg2 Nd2 38.Nxd2 Rxd2 39.Re1 Rxd4 40.f3 Rd2+ 41.Kg3 Rd3 42.Kf2 Kg6 43.Rh1 h5
44.gxh5+ Kxh5 45.Rg1 Rd4 46.Ra1 Kg6 47.Kg3 Rd2 48.Re1 Kf5 49.Re3 Rb2 50.Re1 Rb5
51.Kf2 Kf4 52.Kg1 Rb2  0-1

[Event "26th Keres Mem"]
[Site "Vancouver BC CAN"]
[Date "2001.05.19"]
[Round "4"]
[White "Jiganchine,R"]
[Black "Huber,Gr"]
[Result "1-0"]
[WhiteElo "2105"]
[BlackElo "2256"]

1.e4 c5 2.c3 Nf6 3.e5 Nd5 4.d4 cxd4 5.Nf3 e6 6.cxd4 b6 7.Nc3 Nxc3 8.bxc3 Ba6
9.Bxa6 Nxa6 10.O-O Be7 11.Qd3 Nc7 12.c4 d5 13.exd6 Bxd6 14.Rd1 O-O 15.Ng5 f5
16.Qe2 Qf6 17.Nf3 Rfe8 18.Bb2 Qh6 19.Ne5 a6 20.Rd3 g6 21.a4 b5 22.axb5 axb5
23.Rxa8 Rxa8 24.cxb5 Nxb5 25.Rd1 Rb8 26.Ng4 Qf4 27.Qxe6+ Kg7 28.Ne5 Rb6 29.Qd7+  1-0